Riconosci il Pokémon - Quiz n°937 - Statistics

Statistiche generali
  • Questo quiz è stato fatto 2 volte
  • Il punteggio medio è 10 su 10
Statistiche sulle risposte
Indizio Risposta % Corretto
Altezza 0,9 m
100%
Peso 19,5 kg
100%
Tasso di cattura 200 (36.6%)
100%
Sesso 75% ♂, 25% ♀
100%
Pokémon Abra
100%
Stadio evoluzione Forma Base
100%
Tasso di allevamento Medio-Lento
100%
Generazione Prima
100%
Tipo Psico
100%
Abilità Sincronismo; Forza Interiore; Magicscudo
100%
Nessun quiz corrispondente trovato
Distribuzione punteggi
Percentuale di utenti per punteggio
Percentile per numero di risposta
I tuoi punteggi nel tempo
Non hai fatto questo quiz